Get the Picture: Disney Cat or Dog? Quiz Stats

 Plays Quiz Updated May 14, 2019

Score 0/15 Timer 01:30
2 Plays Today
Question Answer Wrong Answers
Pongo
One Hundred and One Dalmatians
Dog
97.2%
Cat
2.6%
Copper
The Fox and the Hound
Dog
94.6%
Cat
5.3%
Bolt
Bolt
Dog
93.7%
Cat
2.3%
Lucifer
Cinderella
Cat
93.4%
Dog
5.7%
Felicia
The Great Mouse Detective
Cat
89.8%
Dog
8.4%
Max
The Little Mermaid
Dog
87.3%
Cat
10.3%
Nana
Peter Pan
Dog
86.9%
Cat
10.1%
Percy
Pocahontas
Dog
80.5%
Cat
15.7%
Dinah
Alice in Wonderland
Cat
78.2%
Dog
19.1%
Figaro
Pinocchio
Cat
73.1%
Dog
24.1%
Oliver
Oliver and Company
Cat
72.6%
Dog
27%
Si
Lady and the Tramp
Cat
64.8%
Dog
31.1%
Stella
The Princess and the Frog
Dog
59.7%
Cat
38.2%
Napoleon
The Aristocats
Dog
30.1%
Cat
68.8%
Rufus
The Rescuers
Cat
15.8%
Dog
80.8%

Today's Daily Dose

You're not logged in!

Compare scores with friends on all Sporcle quizzes.
OR
Log In

Show Comments

Extras

Top Quizzes Today


Score Distribution

Your Account Isn't Verified!

In order to create a playlist on Sporcle, you need to verify the email address you used during registration. Go to your Sporcle Settings to finish the process.

Report this User

Report this user for behavior that violates our Community Guidelines.

Details: